[Event "Benidorm - Aficionados sub-2000 2014"]
[Site "Benidorm ESP"]
[Date "2014.11.29"]
[Round "2.94"]
[White "Mcgovern, Patrick"]
[Black "Roldan Marques, Marta"]
[Result "1-0"]
[WhiteElo "1796"]
[BlackElo "1238"]
[PlyCount "69"]
[EventDate "2014.11.28"]
[EventType "swiss"]
[EventRounds "10"]
[EventCountry "ESP"]
[SourceTitle "Ajedrez en Madrid"]
[Source "lmi"]
[SourceDate "2014.11.28"]

1. e4 e5 2. Bc4 Nf6 3. Nf3 Nc6 4. O-O Bc5 5. d3 d6 6. Be3 Bb6 7. Nbd2 Be6 8. c3
d5 9. exd5 Nxd5 10. Bxb6 axb6 11. Re1 Nf4 12. Bxe6 Nxe6 13. Nb3 f6 14. d4 Qd5
15. dxe5 Qxd1 16. Raxd1 Rxa2 17. exf6 Kf7 18. fxg7 Nxg7 19. Rb1 Rd8 20. Kf1 h6
21. Re2 Ne6 22. g3 Rd3 23. Ne5+ Nxe5 24. Rxe5 Kf6 25. Rxe6+ Kxe6 26. Nc1 Rd1+
27. Ke2 Rxb2+ 28. Rxb2 Rxc1 29. Kd3 Kd5 30. Re2 b5 31. f4 Ra1 32. Re5+ Kd6 33.
Rxb5 b6 34. Rh5 Ra4 35. Rxh6+ 1-0

[Event "Benidorm - Aficionados sub-2000 2014"]
[Site "Benidorm ESP"]
[Date "2014.11.30"]
[Round "3.1"]
[White "Tirado Parra, Alberto"]
[Black "Vila Cairo, Gerard"]
[Result "1-0"]
[WhiteElo "1873"]
[BlackElo "1995"]
[PlyCount "107"]
[EventDate "2014.11.28"]
[EventType "swiss"]
[EventRounds "10"]
[EventCountry "ESP"]
[SourceTitle "Ajedrez en Madrid"]
[Source "lmi"]
[SourceDate "2014.11.28"]

1. Nf3 Nf6 2. g3 g6 3. Bg2 Bg7 4. d4 O-O 5. c4 c6 6. O-O d6 7. Nc3 Nbd7 8. e4
e5 9. h3 a6 10. a4 Qc7 11. Be3 Re8 12. Qc2 exd4 13. Nxd4 Nc5 14. b4 Ne6 15.
Nde2 a5 16. b5 Nc5 17. Nd4 Bd7 18. Rad1 Rad8 19. Bf4 Nh5 20. Bg5 Nf6 21. Bf4
Nh5 22. Bg5 Bf6 23. Bxf6 Nxf6 24. Rfe1 Ne6 25. Nb3 Rc8 26. Qd2 cxb5 27. Nxb5
Bxb5 28. cxb5 Nc5 29. Qxd6 Qxd6 30. Rxd6 Nfxe4 31. Bxe4 Nxe4 32. Rd4 Nc3 33.
Rxe8+ Rxe8 34. Rc4 Nd1 35. Nxa5 b6 36. Nc6 Re1+ 37. Kg2 Re2 38. Rf4 Ra2 39.
Ne7+ Kg7 40. Nd5 f5 41. Nxb6 g5 42. Rf3 g4 43. hxg4 fxg4 44. Rf4 Ne3+ 45. Kh2
h5 46. a5 Nf1+ 47. Kg1 Ra1 48. Kg2 Nd2 49. a6 Nf3 50. Rxf3 gxf3+ 51. Kxf3 Kf7
52. Nd5 Ke6 53. b6 Kd7 54. b7 1-0

[Event "Benidorm - Aficionados sub-2000 2014"]
[Site "Benidorm ESP"]
[Date "2014.11.30"]
[Round "3.2"]
[White "Vallbona Domingo, Joan"]
[Black "Sevillano Garcia, Joaquin"]
[Result "1/2-1/2"]
[WhiteElo "1992"]
[BlackElo "1862"]
[PlyCount "98"]
[EventDate "2014.11.28"]
[EventType "swiss"]
[EventRounds "10"]
[EventCountry "ESP"]
[SourceTitle "Ajedrez en Madrid"]
[Source "lmi"]
[SourceDate "2014.11.28"]

1. Nf3 Nf6 2. c4 e6 3. g3 d5 4. Bg2 Be7 5. b3 O-O 6. O-O Nbd7 7. Bb2 c6 8. d3
b6 9. Nbd2 Bb7 10. e4 c5 11. exd5 exd5 12. d4 dxc4 13. Nxc4 cxd4 14. Qxd4 Nc5
15. Rad1 Qxd4 16. Nxd4 Bxg2 17. Kxg2 Rfe8 18. Nf5 Bf8 19. Rfe1 Rxe1 20. Rxe1
Re8 21. Re3 Rxe3 22. Ncxe3 Nd3 23. Bxf6 gxf6 24. Nd5 Nc1 25. Nxf6+ Kh8 26. Nd5
Nxa2 27. Kf3 Bc5 28. Nfe3 Nb4 29. Nxb4 Bxb4 30. Nc2 Bd6 31. Ke4 a5 32. Kd5 Bc5
33. f3 Kg7 34. g4 Kg6 35. Ne1 h5 36. Nd3 Be3 37. Ne5+ Kg7 38. gxh5 Bg1 39. Kc6
f5 40. Nc4 Kh6 41. Nxb6 Kxh5 42. Nc4 Bxh2 43. Nxa5 Kg5 44. Kd5 Kf4 45. Ke6 Kxf3
46. Kxf5 Ke3 47. b4 Bg3 48. Ke6 Be1 49. Nc4+ Kd4 1/2-1/2

[Event "Benidorm - Aficionados sub-2000 2014"]
[Site "Benidorm ESP"]
[Date "2014.11.30"]
[Round "3.3"]
[White "Voet, Dirk"]
[Black "Boj Marques, Javier"]
[Result "1-0"]
[WhiteElo "1870"]
[BlackElo "1978"]
[PlyCount "125"]
[EventDate "2014.11.28"]
[EventType "swiss"]
[EventRounds "10"]
[EventCountry "ESP"]
[SourceTitle "Ajedrez en Madrid"]
[Source "lmi"]
[SourceDate "2014.11.28"]

1. e4 e6 2. d4 d5 3. Nd2 Nf6 4. e5 Nfd7 5. Bd3 c5 6. c3 cxd4 7. cxd4 Nc6 8.
Ngf3 f5 9. exf6 Nxf6 10. Ng5 Qc7 11. Nxh7 Rxh7 12. Bxh7 Nxh7 13. Qh5+ g6 14.
Qxg6+ Qf7 15. Qxf7+ Kxf7 16. Nf3 Bg7 17. Be3 e5 18. dxe5 Nxe5 19. Nxe5+ Bxe5
20. O-O-O Be6 21. Rd2 Nf6 22. f3 Rc8+ 23. Kd1 d4 24. Bg5 Bxa2 25. Ke2 Bc4+ 26.
Kf2 Rg8 27. h4 d3 28. Rc1 b5 29. Ra1 Kg6 30. Be3 Rf8 31. Kg1 Nd5 32. Ra6+ Kf7
33. Rxa7+ Ke6 34. Ra6+ Kd7 35. Bg5 Bd4+ 36. Kh2 Ne3 37. Kh3 Kc7 38. b3 Kb7 39.
bxc4 bxc4 40. Ra3 Kc6 41. Raxd3 cxd3 42. Rxd3 Nc2 43. Rd2 Kd5 44. Rxc2 Ke6 45.
Re2+ Kf5 46. Re4 Be5 47. g4+ Kg6 48. Rxe5 Rxf3+ 49. Kg2 Rb3 50. Re6+ Kf7 51.
Rf6+ Kg7 52. h5 Rd3 53. Rf5 Rb3 54. Bf4 Kh7 55. Be5 Kh6 56. Rf6+ Kh7 57. g5 Rd3
58. Rh6+ Kg8 59. g6 Kf8 60. Rh8+ Ke7 61. g7 Rd2+ 62. Kf3 Rc2 63. g8=Q 1-0

[Event "Benidorm - Aficionados sub-2000 2014"]
[Site "Benidorm ESP"]
[Date "2014.11.30"]
[Round "3.4"]
[White "Alfven, Jorgen"]
[Black "Alnami, Salaheddin"]
[Result "1-0"]
[WhiteElo "1972"]
[BlackElo "1851"]
[PlyCount "105"]
[EventDate "2014.11.28"]
[EventType "swiss"]
[EventRounds "10"]
[EventCountry "ESP"]
[SourceTitle "Ajedrez en Madrid"]
[Source "lmi"]
[SourceDate "2014.11.28"]

1. d4 f5 2. Nf3 Nf6 3. g3 g6 4. Bg2 Bg7 5. b3 d6 6. Bb2 c6 7. O-O O-O 8. c4
Nbd7 9. Nbd2 Re8 10. Qc2 e5 11. dxe5 dxe5 12. e4 fxe4 13. Nxe4 Nxe4 14. Qxe4
Nc5 15. Qe3 Nd3 16. Rad1 e4 17. Bxg7 Kxg7 18. Ng5 Bg4 19. Rd2 Qa5 20. Nxe4 Ne5
21. f4 Nf7 22. Qd4+ Kf8 23. Qc5+ Qxc5+ 24. Nxc5 Re7 25. h3 Be6 26. Re1 Rae8 27.
Nxe6+ Rxe6 28. Rxe6 Rxe6 29. Rd7 Re7 30. Rxe7 Kxe7 31. Kf2 Kd6 32. b4 Ke6 33.
c5 Nd8 34. Ke3 Kf6 35. Be4 Ne6 36. g4 h6 37. Bxg6 Nc7 38. Be4 Nb5 39. Kd3 Nc7
40. h4 Ne6 41. g5+ hxg5 42. fxg5+ Ke5 43. Bf3 Kf4 44. Bd1 Kg3 45. h5 Nxg5 46.
Ke3 Nf7 47. Ke4 Kh4 48. Kf5 b6 49. Kg6 Ne5+ 50. Kg7 Kg5 51. h6 Ng6 52. cxb6
axb6 53. h7 1-0

[Event "Benidorm - Aficionados sub-2000 2014"]
[Site "Benidorm ESP"]
[Date "2014.11.30"]
[Round "3.5"]
[White "Cabrera Guerrero, Antonio"]
[Black "Marti Blanes, Jose Manuel"]
[Result "0-1"]
[WhiteElo "1860"]
[BlackElo "1960"]
[PlyCount "98"]
[EventDate "2014.11.28"]
[EventType "swiss"]
[EventRounds "10"]
[EventCountry "ESP"]
[SourceTitle "Ajedrez en Madrid"]
[Source "lmi"]
[SourceDate "2014.11.28"]

1. d4 Nf6 2. e3 g6 3. f4 d6 4. Nf3 Bg7 5. Bd3 O-O 6. O-O c5 7. c3 Nc6 8. Bd2
Qb6 9. Qc2 cxd4 10. exd4 e5 11. fxe5 dxe5 12. Kh1 e4 13. Bxe4 Nxe4 14. Be3 Nd6
15. Nbd2 Bf5 16. Qc1 Qa6 17. Nb3 Rfe8 18. Nc5 Qe2 19. Bf4 Nc4 20. d5 N6e5 21.
Nd4 Qxb2 22. Nxf5 gxf5 23. Qd1 Ng4 24. Nd3 Qe2 25. Qxe2 Rxe2 26. h3 Nge3 27.
Rf3 Nxd5 28. Bg5 Ne5 29. Rxf5 Nxd3 30. Rxd5 Rae8 31. Rxd3 Re1+ 32. Rxe1 Rxe1+
33. Kh2 Be5+ 34. g3 Re2+ 35. Kh1 Rxa2 36. Bh6 f6 37. Rd7 a5 38. Rxb7 a4 39. c4
Rc2 40. Rg7+ Kf8 41. Ra7+ Ke8 42. Rxa4 Bxg3 43. Ra8+ Kf7 44. Rf8+ Ke6 45. Re8+
Kf5 46. Rc8 Ke4 47. Re8+ Be5 48. Re7 Kf3 49. Rg7 Re2 0-1

[Event "Benidorm - Aficionados sub-2000 2014"]
[Site "Benidorm ESP"]
[Date "2014.11.30"]
[Round "3.6"]
[White "Trabazos Gallego, Javier"]
[Black "Esquerdo Nogueroles, Gaspar"]
[Result "1/2-1/2"]
[WhiteElo "1856"]
[BlackElo "1959"]
[PlyCount "88"]
[EventDate "2014.11.28"]
[EventType "swiss"]
[EventRounds "10"]
[EventCountry "ESP"]
[SourceTitle "Ajedrez en Madrid"]
[Source "lmi"]
[SourceDate "2014.11.28"]

1. e4 c5 2. Nf3 d6 3. d4 cxd4 4. Nxd4 Nf6 5. Nc3 Bd7 6. Bg5 e6 7. f4 Qb6 8. Qd2
Be7 9. O-O-O h6 10. Bh4 Nxe4 11. Nxe4 Bxh4 12. Nf3 d5 13. Ne5 O-O 14. Ng3 Bb5
15. Nh5 Nd7 16. Nxd7 Bxd7 17. Qc3 f6 18. g3 g6 19. gxh4 gxh5 20. Be2 Qf2 21.
Rhg1+ Kh8 22. Qd2 Rg8 23. Bxh5 Qxd2+ 24. Kxd2 Be8 25. Bxe8 Raxe8 26. Ke3 Rxg1
27. Rxg1 Kh7 28. h5 e5 29. Rg6 d4+ 30. Kd3 Rf8 31. fxe5 fxe5 32. Re6 Rf3+ 33.
Kd2 Rf5 34. Re7+ Kg8 35. Rxb7 e4 36. Re7 Rf2+ 37. Kd1 e3 38. Re4 Rd2+ 39. Ke1
Rxc2 40. Rxd4 Rxb2 41. Ra4 Rxh2 42. Rxa7 Rxh5 43. Ke2 Re5 44. Ra3 Rh5 1/2-1/2

[Event "Benidorm - Aficionados sub-2000 2014"]
[Site "Benidorm ESP"]
[Date "2014.11.30"]
[Round "3.7"]
[White "Pastor Briones, Jose"]
[Black "Penarrubia Blasco, Jose Alfred"]
[Result "0-1"]
[WhiteElo "1853"]
[BlackElo "1956"]
[PlyCount "76"]
[EventDate "2014.11.28"]
[EventType "swiss"]
[EventRounds "10"]
[EventCountry "ESP"]
[SourceTitle "Ajedrez en Madrid"]
[Source "lmi"]
[SourceDate "2014.11.28"]

1. e4 e5 2. Nf3 Nc6 3. Bb5 Bc5 4. O-O Nge7 5. d3 O-O 6. Be3 Bb6 7. Nbd2 d6 8.
h3 Ng6 9. Nc4 f5 10. Nxb6 axb6 11. Bc4+ Kh8 12. Ng5 h6 13. Nf7+ Rxf7 14. Bxf7
Qf6 15. Bxg6 Qxg6 16. exf5 Bxf5 17. Qf3 e4 18. dxe4 Bxe4 19. Qg3 Qf6 20. c3 Ra5
21. f3 Bd5 22. a3 Be6 23. Rae1 Bd7 24. Kh1 Ne7 25. Bd4 Qf7 26. Bxg7+ Kh7 27.
Qh4 Nf5 28. Qf4 Qxg7 29. g4 Nh4 30. Qe4+ Ng6 31. Qxb7 Rc5 32. Re3 h5 33. b4 Bc6
34. Qc8 Rg5 35. Qd8 Kh6 36. Kh2 Re5 37. Rfe1 Qf7 38. Rxe5 Qf4+ 0-1

[Event "Benidorm - Aficionados sub-2000 2014"]
[Site "Benidorm ESP"]
[Date "2014.11.30"]
[Round "3.8"]
[White "Fernandez Garcia, Francisco"]
[Black "Jimenez Mompo, Candido"]
[Result "0-1"]
[WhiteElo "1848"]
[BlackElo "1954"]
[PlyCount "160"]
[EventDate "2014.11.28"]
[EventType "swiss"]
[EventRounds "10"]
[EventCountry "ESP"]
[SourceTitle "Ajedrez en Madrid"]
[Source "lmi"]
[SourceDate "2014.11.28"]

1. Nf3 Nf6 2. d4 d6 3. c4 g6 4. Nc3 Bg7 5. Bf4 Nbd7 6. e3 O-O 7. Be2 c6 8. O-O
Nh5 9. Bg5 Re8 10. Qb3 Qb6 11. Rfd1 Nhf6 12. Bf4 Nh5 13. Bg5 h6 14. Bh4 Bf6 15.
Qc2 g5 16. Bg3 Nxg3 17. hxg3 Nf8 18. Bd3 Qc7 19. Rac1 Bg4 20. Be2 Bg7 21. d5 c5
22. Nh2 Bxe2 23. Qxe2 Qd7 24. Qh5 Qf5 25. Ng4 Qg6 26. Qxg6 Nxg6 27. Rc2 Ne5 28.
Nxe5 Bxe5 29. f4 Bf6 30. Kf2 Kg7 31. Ne4 a6 32. b3 b5 33. g4 gxf4 34. exf4 Bd4+
35. Kf3 Rab8 36. g5 hxg5 37. Nxg5 Bf6 38. Ne4 Rh8 39. g3 Rh7 40. Rdd2 Rbh8 41.
Rd1 Rh1 42. Rcc1 R1h2 43. Nf2 Bd4 44. Rc2 Bxf2 45. Rxf2 Rxf2+ 46. Kxf2 Rh2+ 47.
Kf3 Rxa2 48. cxb5 axb5 49. Re1 Rb2 50. Re3 Rd2 51. Rxe7 Rxd5 52. Ke2 Rd4 53.
Rd7 Kf6 54. Ke3 Ke6 55. Rb7 Rb4 56. g4 Rxb3+ 57. Ke2 b4 58. f5+ Kf6 59. Rb6 Kg5
60. Rxd6 f6 61. Rc6 Rc3 62. Kd2 Rc4 63. Kd3 Rc3+ 64. Kd2 c4 65. Rb6 Rb3 66. Kc2
Rc3+ 67. Kd2 Rd3+ 68. Kc2 b3+ 69. Kb2 Rd2+ 70. Kc1 Rc2+ 71. Kb1 Rg2 72. Rb8
Rxg4 73. Kb2 Rg2+ 74. Kc3 Rc2+ 75. Kd4 Kxf5 76. Rb5+ Kf4 77. Rb6 f5 78. Rh6 b2
79. Rb6 c3 80. Kd3 Rc1 0-1

[Event "Benidorm - Aficionados sub-2000 2014"]
[Site "Benidorm ESP"]
[Date "2014.11.30"]
[Round "3.9"]
[White "Cartagena Sanchez, Javier"]
[Black "Ramos Garcia, Miguel"]
[Result "1/2-1/2"]
[WhiteElo "1952"]
[BlackElo "1844"]
[PlyCount "103"]
[EventDate "2014.11.28"]
[EventType "swiss"]
[EventRounds "10"]
[EventCountry "ESP"]
[SourceTitle "Ajedrez en Madrid"]
[Source "lmi"]
[SourceDate "2014.11.28"]

1. b3 d5 2. Bb2 c5 3. e3 Nc6 4. Bb5 Bd7 5. f4 e6 6. Nf3 Nf6 7. O-O Be7 8. Nc3
O-O 9. Ne2 Ne4 10. Bxc6 Bxc6 11. d3 Nd6 12. Ng3 Bf6 13. Ne5 Be8 14. Nh5 Nf5 15.
Nxf6+ Qxf6 16. Qc1 Qe7 17. g4 Nd6 18. g5 f6 19. gxf6 Qxf6 20. Kh1 Qe7 21. Rg1
Nf5 22. Rg4 d4 23. e4 Ne3 24. Rg3 Rxf4 25. Rxe3 dxe3 26. Qxe3 Qf6 27. Nc4 Rf1+
28. Kg2 Qxb2 29. Nxb2 Rxa1 30. Qxc5 Rxa2 31. Nd1 Bc6 32. Ne3 a5 33. Kg3 a4 34.
bxa4 R2xa4 35. Nc4 Rf8 36. Qe5 Rf6 37. Qb8+ Rf8 38. Qc7 Ra2 39. Qe7 Re8 40. Qd6
Rxc2 41. Ne5 Rc3 42. Qc7 Ra8 43. Qf7+ Kh8 44. Qxe6 h6 45. Nf7+ Kh7 46. Ne5 Bxe4
47. Kf4 Bc6 48. Qg6+ Kg8 49. Ng4 Rf8+ 50. Ke3 Kh8 51. Kd2 Rc5 52. Nxh6 1/2-1/2

[Event "Benidorm - Aficionados sub-2000 2014"]
[Site "Benidorm ESP"]
[Date "2014.11.30"]
[Round "3.10"]
[White "Moya Mallafre, Erik"]
[Black "Eizaguerri Floris, Maria"]
[Result "1/2-1/2"]
[WhiteElo "1947"]
[BlackElo "1839"]
[PlyCount "76"]
[EventDate "2014.11.28"]
[EventType "swiss"]
[EventRounds "10"]
[EventCountry "ESP"]
[SourceTitle "Ajedrez en Madrid"]
[Source "lmi"]
[SourceDate "2014.11.28"]

1. Nf3 Nf6 2. c4 d5 3. cxd5 Nxd5 4. g3 Nc6 5. Bg2 e5 6. O-O Nb6 7. Nc3 Be7 8.
a3 O-O 9. b4 f6 10. Qb3+ Kh8 11. Bb2 a5 12. b5 Nd4 13. Nxd4 Qxd4 14. Nd5 Qc5
15. Rfc1 Qd6 16. Nxc7 Rb8 17. a4 Bg4 18. h3 Bxe2 19. Qe3 Bc4 20. Ba3 Qxc7 21.
Bxe7 Qxe7 22. Qxb6 Qf7 23. Rc3 Rfd8 24. Rac1 Bd5 25. Rd3 Qg8 26. Bxd5 Rxd5 27.
Rxd5 Qxd5 28. Qxa5 f5 29. Rc7 Rg8 30. Qc3 f4 31. Rc5 Qa2 32. a5 Qb1+ 33. Kh2
fxg3+ 34. fxg3 Qf1 35. Rc8 Qf2+ 36. Kh1 Qf1+ 37. Kh2 Qf2+ 38. Kh1 Qf1+ 1/2-1/2

[Event "Benidorm - Aficionados sub-2000 2014"]
[Site "Benidorm ESP"]
[Date "2014.11.30"]
[Round "3.14"]
[White "Becking, Franz Josef"]
[Black "Sancho Castiello, Federico"]
[Result "1/2-1/2"]
[WhiteElo "1933"]
[BlackElo "1817"]
[PlyCount "45"]
[EventDate "2014.11.28"]
[EventType "swiss"]
[EventRounds "10"]
[EventCountry "ESP"]
[SourceTitle "Ajedrez en Madrid"]
[Source "lmi"]
[SourceDate "2014.11.28"]

1. d4 Nf6 2. Nf3 e6 3. e3 b6 4. c4 Bb4+ 5. Bd2 Bxd2+ 6. Nbxd2 Bb7 7. Bd3 c5 8.
O-O cxd4 9. exd4 O-O 10. Rc1 d6 11. Re1 Nbd7 12. Ne4 Nxe4 13. Bxe4 Bxe4 14.
Rxe4 Rc8 15. Re2 Nf6 16. b4 Qd7 17. Qb3 Rc7 18. Rec2 Rfc8 19. h3 h6 20. Qe3 Qa4
21. Qb3 Qd7 22. Qe3 Qa4 23. Qb3 1/2-1/2

[Event "Benidorm - Aficionados sub-2000 2014"]
[Site "Benidorm ESP"]
[Date "2014.11.30"]
[Round "3.21"]
[White "Lund, Gunnar"]
[Black "Buiza Prieto, Eihartze"]
[Result "0-1"]
[WhiteElo "1622"]
[BlackElo "1887"]
[PlyCount "58"]
[EventDate "2014.11.28"]
[EventType "swiss"]
[EventRounds "10"]
[EventCountry "ESP"]
[SourceTitle "Ajedrez en Madrid"]
[Source "lmi"]
[SourceDate "2014.11.28"]

1. e4 c5 2. Nf3 d6 3. d4 cxd4 4. Nxd4 Nf6 5. Nc3 g6 6. Be3 Bg7 7. f3 Nc6 8. Qd2
O-O 9. Bc4 Bd7 10. O-O-O Rb8 11. h4 b5 12. Bb3 Nxd4 13. Bxd4 a5 14. a4 bxa4 15.
Bxa4 Bxa4 16. Nxa4 Rb4 17. Bxf6 Bxf6 18. b3 Qb8 19. h5 Rxa4 20. Qe3 Ra1+ 21.
Kd2 Qb4+ 22. Ke2 Rxd1 23. Rxd1 Rc8 24. c4 Qc5 25. Qf4 Qxh5 26. Rd5 Qh1 27. Qg4
Ra8 28. f4 Qb1 29. e5 Qe4+ 0-1

[Event "Benidorm - Aficionados sub-2000 2014"]
[Site "Benidorm ESP"]
[Date "2014.11.30"]
[Round "3.37"]
[White "Larrañaga Aldalur, Jose Joaqui"]
[Black "Galvan Cipriani, Viviana"]
[Result "1/2-1/2"]
[WhiteElo "1914"]
[BlackElo "1768"]
[PlyCount "41"]
[EventDate "2014.11.28"]
[EventType "swiss"]
[EventRounds "10"]
[EventCountry "ESP"]
[SourceTitle "Ajedrez en Madrid"]
[Source "lmi"]
[SourceDate "2014.11.28"]

1. e4 c5 2. d4 cxd4 3. c3 Nf6 4. e5 Nd5 5. cxd4 d6 6. Nf3 Nc6 7. Bc4 Nb6 8. Bb5
dxe5 9. Nxe5 Bd7 10. Bxc6 Bxc6 11. Nxc6 bxc6 12. O-O g6 13. Re1 Bg7 14. Bg5 Nd5
15. Nc3 Nf6 16. Qf3 O-O 17. Qxc6 h6 18. Bxf6 Bxf6 19. Nd5 Bxd4 20. Rad1 e5 21.
Ne3 1/2-1/2

[Event "Benidorm - Aficionados sub-2000 2014"]
[Site "Benidorm ESP"]
[Date "2014.11.30"]
[Round "3.56"]
[White "Castrillon Otero, Javier"]
[Black "Altin, Halis"]
[Result "1-0"]
[WhiteElo "1958"]
[BlackElo "1755"]
[PlyCount "46"]
[EventDate "2014.11.28"]
[EventType "swiss"]
[EventRounds "10"]
[EventCountry "ESP"]
[SourceTitle "Ajedrez en Madrid"]
[Source "lmi"]
[SourceDate "2014.11.28"]

1. e4 e5 2. Nf3 Nc6 3. Bc4 Nf6 4. Ng5 d5 5. exd5 Na5 6. Bb5+ c6 7. dxc6 bxc6 8.
Ba4 h6 9. Nf3 e4 10. Ng1 Bc5 11. c3 Qb6 12. Qe2 Ba6 13. d3 Bxd3 14. Qd2 Nc4 15.
Qf4 O-O 16. b3 Bd6 17. Qf5 Ne5 18. Be3 Qa5 19. Kd1 Bxb1 20. Rxb1 Qxc3 21. Rc1
Qd3+ 22. Bd2 Bb4 23. Qf4 Nd5 1-0

[Event "Benidorm - Aficionados sub-2000 2014"]
[Site "Benidorm ESP"]
[Date "2014.11.30"]
[Round "3.61"]
[White "Bote Kobolo, Benjamin"]
[Black "Donazar Garayoa, Miguel"]
[Result "1-0"]
[WhiteElo "1926"]
[BlackElo "1729"]
[PlyCount "39"]
[EventDate "2014.11.28"]
[EventType "swiss"]
[EventRounds "10"]
[EventCountry "ESP"]
[SourceTitle "Ajedrez en Madrid"]
[Source "lmi"]
[SourceDate "2014.11.28"]

1. e4 e5 2. Bc4 Nf6 3. d3 Nc6 4. Nf3 Bc5 5. O-O O-O 6. Bg5 d6 7. c3 a6 8. Bb3
Be6 9. Bc2 Bg4 10. h3 Bd7 11. Nbd2 Qe7 12. Nc4 Nd8 13. d4 exd4 14. cxd4 Be6 15.
Qd3 b5 16. Ne3 Bc4 17. Nxc4 bxc4 18. Qxc4 Bb6 19. e5 h6 20. exf6 1-0

[Event "Benidorm - Aficionados sub-2000 2014"]
[Site "Benidorm ESP"]
[Date "2014.11.30"]
[Round "3.63"]
[White "Pordomingo Rodriguez, Jose A"]
[Black "Perez Garcia, Juan Angel"]
[Result "0-1"]
[WhiteElo "1733"]
[BlackElo "1921"]
[PlyCount "38"]
[EventDate "2014.11.28"]
[EventType "swiss"]
[EventRounds "10"]
[EventCountry "ESP"]
[SourceTitle "Ajedrez en Madrid"]
[Source "lmi"]
[SourceDate "2014.11.28"]

1. d4 g6 2. c4 Bg7 3. Nf3 c5 4. e3 Nf6 5. Nc3 O-O 6. d5 d6 7. h3 e6 8. e4 exd5
9. cxd5 Re8 10. Bd3 Nxe4 11. Nxe4 f5 12. Nfd2 fxe4 13. Bxe4 Bf5 14. Qc2 Qh4 15.
g4 Bxg4 16. Nc4 Bf3 17. Nxd6 Bxe4 18. Qa4 Re7 19. Be3 Be5 0-1

[Event "Benidorm - Aficionados sub-2000 2014"]
[Site "Benidorm ESP"]
[Date "2014.11.30"]
[Round "3.68"]
[White "Martinez Perez, Pablo"]
[Black "Moreno Vicente, Jesus Miguel"]
[Result "1-0"]
[WhiteElo "1710"]
[BlackElo "1900"]
[PlyCount "47"]
[EventDate "2014.11.28"]
[EventType "swiss"]
[EventRounds "10"]
[EventCountry "ESP"]
[SourceTitle "Ajedrez en Madrid"]
[Source "lmi"]
[SourceDate "2014.11.28"]

1. e4 e6 2. d3 d5 3. Nd2 c5 4. Ngf3 Nc6 5. g3 Nf6 6. Bg2 Be7 7. O-O O-O 8. e5
Nd7 9. Re1 b5 10. Nf1 a5 11. Bf4 Ba6 12. h4 b4 13. Ne3 Nd4 14. Ng5 Qe8 15. c3
bxc3 16. bxc3 Nc6 17. c4 h6 18. Qh5 hxg5 19. hxg5 Ncxe5 20. Bxe5 Nxe5 21. Nxd5
exd5 22. Rxe5 Qd7 23. Bxd5 Bd6 24. g6 1-0

[Event "Benidorm - Aficionados sub-2000 2014"]
[Site "Benidorm ESP"]
[Date "2014.11.30"]
[Round "3.83"]
[White "Gillespie, David Mcphail"]
[Black "Rico Lucas, Mario"]
[Result "1/2-1/2"]
[WhiteElo "1824"]
[BlackElo "1661"]
[PlyCount "52"]
[EventDate "2014.11.28"]
[EventType "swiss"]
[EventRounds "10"]
[EventCountry "ESP"]
[SourceTitle "Ajedrez en Madrid"]
[Source "lmi"]
[SourceDate "2014.11.28"]

1. e4 d5 2. exd5 Nf6 3. d4 Bf5 4. Nf3 Qxd5 5. Be2 Nc6 6. O-O O-O-O 7. Be3 e6 8.
c4 Qd7 9. Nc3 Bb4 10. a3 Bxc3 11. bxc3 Ng4 12. Bd3 Nxe3 13. fxe3 Bg4 14. Be2 f6
15. Rb1 e5 16. d5 e4 17. dxc6 Qxd1 18. cxb7+ Kb8 19. Rfxd1 Rxd1+ 20. Rxd1 exf3
21. Bxf3 Bxf3 22. gxf3 Kxb7 23. e4 Kc6 24. Rb1 Rd8 25. Kf2 Rd2+ 26. Kg3 Rc2
1/2-1/2

[Event "Benidorm - Aficionados sub-2000 2014"]
[Site "Benidorm ESP"]
[Date "2014.11.30"]
[Round "3.91"]
[White "Lopez Valverde, Rafael"]
[Black "Aledo Yanguas, David"]
[Result "1-0"]
[WhiteElo "1810"]
[BlackElo "1641"]
[PlyCount "51"]
[EventDate "2014.11.28"]
[EventType "swiss"]
[EventRounds "10"]
[EventCountry "ESP"]
[SourceTitle "Ajedrez en Madrid"]
[Source "lmi"]
[SourceDate "2014.11.28"]

1. e4 e6 2. d4 d5 3. Nc3 Nf6 4. e5 Nfd7 5. Nf3 c5 6. Be3 Nc6 7. Bb5 Qb6 8. Bxc6
bxc6 9. Rb1 cxd4 10. Bxd4 c5 11. Be3 d4 12. Na4 Qa5+ 13. c3 dxe3 14. fxe3 Bb7
15. O-O Bc6 16. b3 Bxa4 17. bxa4 Qxc3 18. Rb7 Qxe3+ 19. Kh1 Rd8 20. Re1 Qa3 21.
Ng5 Nb6 22. Qg4 h5 23. Qf4 Rd7 24. Rb8+ Nc8 25. Rxc8+ Rd8 26. Qxf7# 1-0

[Event "Benidorm - Aficionados sub-2000 2014"]
[Site "Benidorm ESP"]
[Date "2014.11.30"]
[Round "3.107"]
[White "Atiki, Abdessamade"]
[Black "Frederic Claude, Michel"]
[Result "1-0"]
[WhiteElo "1778"]
[BlackElo "1838"]
[PlyCount "55"]
[EventDate "2014.11.28"]
[EventType "swiss"]
[EventRounds "10"]
[EventCountry "ESP"]
[SourceTitle "Ajedrez en Madrid"]
[Source "lmi"]
[SourceDate "2014.11.28"]

1. e4 e5 2. Nf3 Nf6 3. Nc3 Nc6 4. Bc4 Bc5 5. O-O d6 6. h3 O-O 7. d3 h6 8. Be3
Bb6 9. Qd2 Bxe3 10. fxe3 Na5 11. Bb3 Nxb3 12. axb3 c6 13. Qf2 Qc7 14. Nh4 Be6
15. Ne2 d5 16. exd5 cxd5 17. Ng3 Qd7 18. Ngf5 Bxf5 19. Nxf5 Ne8 20. Ra5 Qe6 21.
Rxd5 Kh7 22. e4 f6 23. Qh4 Rf7 24. Kh2 Rc8 25. c4 Qb6 26. Qg4 Rc6 27. Qh5 Qc7
28. b4 1-0

[Event "Benidorm - Aficionados sub-2000 2014"]
[Site "Benidorm ESP"]
[Date "2014.11.30"]
[Round "3.121"]
[White "Agullo Valcarcel, Carlos"]
[Black "Nieto Perez, Mario"]
[Result "1-0"]
[WhiteElo "1699"]
[BlackElo "1503"]
[PlyCount "41"]
[EventDate "2014.11.28"]
[EventType "swiss"]
[EventRounds "10"]
[EventCountry "ESP"]
[SourceTitle "Ajedrez en Madrid"]
[Source "lmi"]
[SourceDate "2014.11.28"]

1. Nc3 e5 2. Nf3 Nc6 3. d4 exd4 4. Nxd4 Nxd4 5. Qxd4 d5 6. Nxd5 Ne7 7. Qa4+ Nc6
8. e4 Be6 9. Bc4 Bc5 10. Be3 Bxe3 11. Nxe3 Qd4 12. O-O Qxe4 13. Qb5 Bxc4 14.
Nxc4 O-O-O 15. c3 Rd5 16. Qb3 Rhd8 17. Ne3 Rd3 18. Qxf7 Ne5 19. Qxg7 h5 20. Qf6
h4 21. Qf5+ 1-0

[Event "Benidorm - Aficionados sub-2000 2014"]
[Site "Benidorm ESP"]
[Date "2014.12.01"]
[Round "4.1"]
[White "Nazarov, Alexander"]
[Black "Alvarez Morales, Miguel"]
[Result "0-1"]
[WhiteElo "1902"]
[BlackElo "1979"]
[PlyCount "48"]
[EventDate "2014.11.28"]
[EventType "swiss"]
[EventRounds "10"]
[EventCountry "ESP"]
[SourceTitle "Ajedrez en Madrid"]
[Source "lmi"]
[SourceDate "2014.11.28"]

1. d4 Nf6 2. Nf3 e6 3. e3 c5 4. Bd3 d5 5. b3 cxd4 6. exd4 Qa5+ 7. Bd2 Qc7 8.
O-O Bd6 9. Re1 O-O 10. c4 dxc4 11. bxc4 Nc6 12. Nc3 a6 13. Rc1 Bf4 14. Be3 Rd8
15. Qd2 Bxe3 16. fxe3 Qe7 17. d5 Nb4 18. e4 Qc5+ 19. Kf1 exd5 20. cxd5 Nxd3 21.
Qxd3 Ng4 22. Re2 Bd7 23. h3 Bb5 24. Qd2 Qf2# 0-1